[Event "Unterfranken-ch HA 58th"]
[Site "Wuerzburg"]
[Date "2007.04.11"]
[Round "4"]
[White "Dittmaier, Andreas"]
[Black "Hobert, Markus"]
[Result "0-1"]
[WhiteElo "1597"]
[BlackElo "1646"]
[PlyCount "86"]
[EventDate "2007.04.09"]
[EventType "swiss"]
[EventRounds "9"]
[EventCountry "GER"]
[SourceTitle "EXT 2015"]
[Source "ChessBase"]
[SourceDate "2014.11.20"]
[SourceVersion "1"]
[SourceVersionDate "2014.11.20"]
[SourceQuality "1"]

1. d4 d5 2. e4 dxe4 3. Nc3 Nf6 4. f3 exf3 5. Nxf3 c6 6. Bg5 Bg4 7. h3 Bxf3 8. Qxf3 Qxd4 9. Be3 Qh4+ 10. g3 Qh5 11. g4 Qa5 12. Bc4 e6 13. 0-0 Bc5 14. Rad1 Bxe3+ 15. Qxe3 Qb6 16. Rd4 0-0 17. Na4 Qc7 18. Nc5 Nd5 19. Qf3 Nd7 20. Ne4 Ne5 21. Qf2 Nxc4 22. Rxc4 Qb6 23. Nc5 Rad8 24. b3 Qc7 25. Re4 b6 26. Nd3 f5 27. Rxe6 fxg4 28. Qh4 Rxf1+ 29. Kxf1 Rf8+ 30. Ke1 Nf4 31. Nxf4 Qxf4 32. Qxg4 Qc1+ 33. Ke2 Qxc2+ 34. Ke1 Qb1+ 35. Kd2 Qxa2+ 36. Kc3 Qa1+ 37. Kb4 Qa5+ 38. Kc4 Qd5+ 39. Kc3 Rf3+ 40. Kc2 Qxb3+ 41. Kd2 Qc3+ 42. Ke2 Qd3+ 43. Ke1 Rf1# 0-1